000 00551nam a22001817a 4500
003 NUST
005 20260213100359.0
008 260213b ||||| |||| 00| 0 eng d
020 _a978-1134514403
082 _a910.285
_bSHI
100 _aWenzhong Shi, Peter Fisher & Michael F. Goodchild.
_9133193
245 _aSpatial Data Quality /
_cWenzhong Shi, Peter Fisher & Michael F. Goodchild.
250 _a1st Edition.
260 _aCanada:
_bTaylor & Francis,
_c2002.
300 _axx, 313 p ;
_c28.5 cm.
563 _aHardcover
942 _2ddc
_cBK
999 _c616198
_d616198